| 000 | 00632nam a22002177a 4500 | ||
|---|---|---|---|
| 003 | Nust | ||
| 005 | 20250304105553.0 | ||
| 008 | 170112b xxu||||| |||| 00| 0 eng d | ||
| 020 | _a9695037119 | ||
| 040 | _cNUST | ||
| 082 |
_a891.439301 _bMUM |
||
| 100 |
_aMufti, Mumtaz _91012 |
||
| 245 |
_aChup / _cMumtaz Mufti |
||
| 260 |
_aLahore: _bAl Faisal; _c2008. |
||
| 300 |
_a252p:, _b22 cm. |
||
| 650 |
_aAfsany _91013 |
||
| 880 |
_aچپ _6245-02\(3\r _cممتاز مفتی |
||
| 880 |
_aممتاز مفتی _6100-01\(3\r |
||
| 880 |
_aلاہور: _6260-03\(3\r _bالفیصل ناشران و تاجران، _c2010 |
||
| 942 |
_cBK _2ddc |
||
| 999 |
_c329683 _d329683 |
||